Catálogo
 En Linea

Discurso del presidente de la Suprema Corte de Justicia Dr. Subero Isa : (Registro nro. 28430)

Detalles MARC
000 -CABECERA
campo de control de longitud fija 01131nam a2200289 i 4500
001 - NÚMERO DE CONTROL
campo de control 000028938
003 - IDENTIFICADOR DEL NÚMERO DE CONTROL
campo de control DO-SdBNP
005 - FECHA Y HORA DE LA ÚLTIMA TRANSACCIÓN
campo de control 20251204073702.0
007 - CAMPO FIJO DE DESCRIPCIÓN FÍSICA--INFORMACIÓN GENERAL
campo de control de longitud fija ta
008 - DATOS DE LONGITUD FIJA--INFORMACIÓN GENERAL
campo de control de longitud fija 110412s2004 dr r 000 0 spa d
040 ## - FUENTE DE LA CATALOGACIÓN
Centro catalogador/agencia de origen DO-SdBNP
Lengua de catalogación spa
Centro/agencia transcriptor BNPHU
Normas de descripción rda
041 ## - CÓDIGO DE LENGUA
Código de lengua del texto/banda sonora o título independiente sp
082 ## - NÚMERO DE LA CLASIFICACIÓN DECIMAL DEWEY
Número de clasificación 347.7293
Número de documento/Ítem S941di
Número de edición 22
100 1# - ENTRADA PRINCIPAL--NOMBRE DE PERSONA
Nombre de persona Subero Isa, Jorge A.,
Fechas asociadas al nombre 1947-
Término indicativo de función/relación autor
9 (RLIN) 76863
245 10 - MENCIÓN DE TÍTULO
Título Discurso del presidente de la Suprema Corte de Justicia Dr. Subero Isa :
Resto del título día del poder judicial 7 de enero del 2004 /
Mención de responsabilidad, etc. Jorge A. Isa Subero.
264 ## - PRODUCCIÓN, PUBLICACIÓN, DISTRIBUCIÓN, FABRICACIÓN Y COPYRIGHT
Producción, publicación, distribución, fabricación y copyright Santo Domingo :
Nombre del de productor, editor, distribuidor, fabricante Suprema Corte de Justicia,
Fecha de producción, publicación, distribución, fabricación o copyright 2004
300 ## - DESCRIPCIÓN FÍSICA
Extensión 46 páginas ;
Dimensiones 22 cm.
336 ## - TIPO DE CONTENIDO
Término de tipo de contenido rdacontent
Código de tipo de contenido texto
Fuente txt
337 ## - TIPO DE MEDIO
Nombre/término del tipo de medio rdamedia
Código del tipo de medio sin mediación
Fuente n
338 ## - TIPO DE SOPORTE
Nombre/término del tipo de soporte rdacarrier
Código del tipo de soporte volumen
Fuente nc
590 ## - NOTA LOCAL (RLIN)
Nota local Inventariado, 2018/BT
650 #4 - PUNTO DE ACCESO ADICIONAL DE MATERIA--TÉRMINO DE MATERIA
Término de materia o nombre geográfico como elemento de entrada Poder judicial
Subdivisión geográfica República Dominicana
Subdivisión de forma Ensayos, conferencias, etc.
9 (RLIN) 30708
650 #0 - PUNTO DE ACCESO ADICIONAL DE MATERIA--TÉRMINO DE MATERIA
Término de materia o nombre geográfico como elemento de entrada Administración de justicia
Subdivisión geográfica República Dominicana
Subdivisión de forma Ensayos, conferencias, etc
9 (RLIN) 10083
650 #0 - PUNTO DE ACCESO ADICIONAL DE MATERIA--TÉRMINO DE MATERIA
Término de materia o nombre geográfico como elemento de entrada Administración De Justicia Penal
Subdivisión de forma Ensayos, conferencias, etc.
9 (RLIN) 88260
910 ## - DATOS DE OPCIÓN DEL USUARIO (OCLC)
Datos de opción del usuario Validado. Control de calidad. EMS
942 ## - ELEMENTOS DE PUNTO DE ACCESO ADICIONAL (KOHA)
Fuente del sistema de clasificación o colocación Dewey Decimal Classification
Tipo de ítem Koha Libro
Existencias
Estado de retiro Estado de pérdida Restricciones de uso No para préstamo Código de colección Localización permanente Ubicación/localización actual Ubicación en estantería Fecha de adquisición Número de inventario Total de préstamos Signatura topográfica completa Código de barras Fecha visto por última vez Número de copia Precio válido a partir de Tipo de ítem Koha Fuente del sistema de clasificación o colocación Fuente de adquisición Nota pública
    Préstamo en sala   Dominicana de Servicio Biblioteca Nacional Pedro Henríquez Ureña Biblioteca Nacional Pedro Henríquez Ureña En catalogación 06.08.2025     BNPHU DS 347.7293 S941di 2025-7823 06.08.2025 e.5 06.08.2025 Libro Dewey Decimal Classification donación CERTEV
        Dominicana de Servicio General General Depósito 12.04.2011 LF1   347.7293 S941di 28938-30 25.06.2020 e. 3 25.06.2020 Libro y Folleto Colección Dominicana de Servicio      
        Dominicana de Servicio General General Depósito 07.05.2013 LF1   347.7293 S941di 28938-40 25.06.2020 e. 4 25.06.2020 Libro y Folleto Colección Dominicana de Servicio      
      Excluido de préstamo Patrimonio Dominicano Patrimonio Dominicano Patrimonio Dominicano Depósito 12.04.2011 LF1   347.7293 S941di 28938-10 25.06.2020   25.06.2020 Libro y Folleto Colección Patrimonio Dominicano      
      Excluido de préstamo Patrimonio Dominicano Patrimonio Dominicano Patrimonio Dominicano Depósito 12.04.2011 LF1   347.7293 S941di 28938-20 25.06.2020 e. 2 25.06.2020 Libro y Folleto Colección Patrimonio Dominicano      

Con tecnología Koha